000 00725nam a2200229 a 4500
005 20140310183448.0
008 081127s19uu xx 00 eng d
020 _a9780470122433
050 _aHD 66
_b.G88 2008
100 _aGuttman, Howard M.
245 _aGreat business teams :
_bcracking the code for standout performance /
_cHoward M. Guttman
260 _aNew Jersey :
_bJohn Wiley and Sons,
_c2008.
300 _a239 p. :
_bill. ;
_c24 cm.
521 _aBSBA
650 _aTeams in workplace
_xManagement.
650 _aEmployee empowerment.
650 _aSenior leadership teams.
650 _aCommunications in organizations.
650 _aGroup decision making.
942 _cBK
_2lcc
_kFOR
999 _c23298
_d23298